|
|
|
|
| LEADER |
02245nam a2200637 i 4500 |
| 001 |
nkc20233566040 |
| 003 |
CZ PrNK |
| 005 |
20231128075730.0 |
| 007 |
ta |
| 008 |
231113s2023 xr a c f 000 0 cze |
| 015 |
|
|
|a cnb003566040
|
| 020 |
|
|
|a 978-80-257-4144-3
|q (brožováno)
|
| 035 |
|
|
|a (OCoLC)1412780863
|
| 040 |
|
|
|a ABA001
|b cze
|e rda
|
| 041 |
1 |
|
|a cze
|h eng
|
| 072 |
|
7 |
|a 613
|x Hygiena. Lidské zdraví
|2 Konspekt
|9 14
|
| 072 |
|
7 |
|a 0/9-053.2
|x Literatura pro děti a mládež (naučná)
|2 Konspekt
|9 26
|
| 080 |
|
|
|a 316.346.2-055.25-053.6
|2 MRF
|
| 080 |
|
|
|a 159.922.8
|2 MRF
|
| 080 |
|
|
|a 612.661
|2 MRF
|
| 080 |
|
|
|a 646.7
|2 MRF
|
| 080 |
|
|
|a 316.472.42
|2 MRF
|
| 080 |
|
|
|a 613.88
|2 MRF
|
| 080 |
|
|
|a (035)
|2 MRF
|
| 080 |
|
|
|a (0.053.6)
|2 MRF
|
| 100 |
1 |
|
|a Long, Hayley,
|d 1971-
|7 osa2015893248
|4 aut
|
| 240 |
1 |
0 |
|a Being a girl.
|l Česky
|
| 245 |
1 |
0 |
|a Jak být holkou :
|b vše, co jste chtěly vědět o pubertě a bály jste se googlit /
|c Hayley Longová ; z anglického originálu Being a girl ... přeložila Michala Marková
|
| 250 |
|
|
|a Vydání druhé
|
| 264 |
|
1 |
|a Praha :
|b Argo,
|c 2023
|
| 300 |
|
|
|a 224 stran :
|b ilustrace ;
|c 20 cm
|
| 336 |
|
|
|a text
|b txt
|2 rdacontent
|
| 337 |
|
|
|a bez média
|b n
|2 rdamedia
|
| 338 |
|
|
|a svazek
|b nc
|2 rdacarrier
|
| 650 |
0 |
7 |
|a dospívající dívky
|7 ph134762
|2 czenas
|
| 650 |
0 |
7 |
|a dospívání
|7 ph117183
|2 czenas
|
| 650 |
0 |
7 |
|a puberta
|7 ph135004
|2 czenas
|
| 650 |
0 |
7 |
|a péče o tělo
|7 ph124850
|2 czenas
|
| 650 |
0 |
7 |
|a partnerské vztahy
|7 ph115684
|2 czenas
|
| 650 |
0 |
7 |
|a sexualita
|7 ph116134
|2 czenas
|
| 650 |
0 |
9 |
|a adolescent girls
|2 eczenas
|
| 650 |
0 |
9 |
|a maturation
|2 eczenas
|
| 650 |
0 |
9 |
|a puberty
|2 eczenas
|
| 650 |
0 |
9 |
|a body care
|2 eczenas
|
| 650 |
0 |
9 |
|a partner relationships
|2 eczenas
|
| 650 |
0 |
9 |
|a sexuality
|2 eczenas
|
| 655 |
|
7 |
|a příručky
|7 fd133209
|2 czenas
|
| 655 |
|
7 |
|a publikace pro mládež
|7 fd133157
|2 czenas
|
| 655 |
|
9 |
|a handbooks and manuals
|2 eczenas
|
| 655 |
|
9 |
|a juvenile literature
|2 eczenas
|
| 700 |
1 |
|
|a Marková, Michala,
|d 1974-
|7 mzk2005274842
|4 trl
|
| 910 |
2 |
|
|a BOA001
|b 1-1516.271
|
| 990 |
|
|
|a BK
|
| 995 |
|
|
|a 01
|
| 991 |
|
|
|b 202311
|c NOV
|
| 996 |
6 |
|
|b 2610953659
|c 1-1516.271
|l MZK
|r Sklad / do 1 hodiny
|n 1
|p p.v.
|w 001944875
|u 000010
|a 1
|e BOA001
|j MZK50
|s P
|